000 00842nam a2200205 a 4500
003 0
005 20250303131720.0
008 120723s19uu xx 00 eng d
050 _aPGS BF 723.R46.S46
_b.C965 2012
100 _aCuevas, Justin Philip S.
245 _aSense of responsibility of selected grade 6 students of public and private high school /
_cJustin Philip S. Cuevas.
260 _aLas Piñas City, Philippines :
_bSouthville International School and Colleges,
_c2012.
300 _a35 pages :
_billustrations ;
_c28 cm.
504 _aIncludes bibliographical references.
650 _aResponsibility in children.
650 _aMoral development
_vChildren.
650 _aStudent attitudes
_vResponsibility.
650 _aPublic schools—Students—Behavior /
_vPrivate schools—Students—Behavior
942 _2lcc
_cPASS
999 _c98808
_d98808